Revista de Investigaė̳s Constitucionais

Bibliographic Details
Format: eBook
Language:Portuguese
Published: Paran:̀ Universidade Federal do Paran ̀e Pontifc̕ia Universidade Catl̤ica do Paran ̀ 2014 -
Subjects:
Online Access:Acceso restringido

MARC

LEADER 00000nam a22000007a 4500
005 20211222000957.0
007 cr|||| ||||
008 211222c20149999br qr|w s|||| 0|||b1por d
022 |a 2359-5639 
035 |a 35746 
040 |a vLex 
090 |c 12762  |d 12762 
245 0 0 |a Revista de Investigaė̳s Constitucionais  |h [Recurso electrn̤ico] / 
256 |a Servicio en ln̕ea 
260 |a Paran:̀  |b Universidade Federal do Paran ̀e Pontifc̕ia Universidade Catl̤ica do Paran ̀  |c 2014 - 
300 |a 1 recurso electrn̤ico 
310 |a Trimestral 
362 |a Nð 1-1 (Ene. 2014) - 
506 1 |a Disponible solo en los productos indicados  |d vLex Global  |d vLex Global (Academic Edition, excluding Law Schools)  |d vLex Global (U.S. Academic Edition, Law Schools)  |d vLex Global (U.S. Academic Edition, excluding Law Schools)  |d vLex Global (Academic Edition, Law Schools) 
650 0 4 |a Derecho Constitucional  |z Brasil 
740 0 |a vLex Revistas (Servicio en ln̕ea) 
856 4 0 |u https://app.vlex.com/#/sources/35746  |z Acceso restringido 
942 |c REV 
999 0 |a Constitutional right